Rongeurs et petits animaux de compagnie - Statistiques

Statistiques générales
  • Ce quiz a été pris 108 fois
  • Le résultat moyen est 8 sur 10
Statistiques - réponses
Par images Réponse % Correct
Lapin
99%
Souris
99%
Cochon d’inde
98%
Hamster
98%
Hérisson
96%
Rat
96%
Chinchilla
87%
Furet
79%
Gerbille
63%
Dégu
21%
Aucun quiz correspondant
Distribution des résultats
% des personnes avec chaque résultat
Percentile par nombre de réponses
Votre historique - résultats
Vous n’avez pas pris ce quiz